Time-limited welfare proposals /

Bibliographic Details
Main Author: Burke, Vee
Corporate Author: Library of Congress. Congressional Research Service
Format: Microform Book
Language:English
Published: [Washington, D.C.] : Congressional Research Service, Library of Congress, [1994]
Series:Issue brief (Library of Congress. Congressional Research Service) ; IB93034.
Major studies and issue briefs of the Congressional Research Service. Supplement ; 1994, reel 14, fr. 00111.
Subjects:

MARC

Tag First Indicator Second Indicator Subfields
LEADER 00000cam a2200000 a 4500
001 in00001370613
005 20151006084052.0
007 hd afa014baca
008 950922s1994 dcua ab f000 0 eng d
035 |a (OCoLC)33190214 
035 |9 AHJ5576AM 
040 |a UP3  |c UP3  |d UtOrBLW 
043 |a n-us--- 
049 |a TXAI 
090 |a JK1108  |b .M35 Suppl. 1994 reel 14 
099 |a film  |a S  |a 1707  |a  1994, reel 14, fr. 00111. 
100 1 |a Burke, Vee. 
245 1 0 |a Time-limited welfare proposals /  |c by Vee Burke. 
246 1 0 |a Time limited welfare proposals 
264 1 |a [Washington, D.C.] :  |b Congressional Research Service, Library of Congress,  |c [1994] 
300 |a 15 pages :  |b illustrations ;  |c 28 cm. 
336 |a text  |b txt  |2 rdacontent 
337 |a microform  |b h  |2 rdamedia 
338 |a microfilm reel  |b hd  |2 rdacarrier 
490 1 |a CRS issue brief ;  |v IB93034 
500 |a Cover title. 
500 |a "Updated September 13, 1994." 
504 |a Includes bibliographical references (pages 14-15). 
533 |a Microfilm.  |b Arlington, Va. :  |c University Publications of America,  |d 1995.  |e on 1 microfilm reel ; 35 mm. Low reduction.  |f (Major studies and issue briefs of the Congressional Research Service. 1994 supplement ; reel 14, fr. 00111). 
500 |a Microform. 
650 0 |a Public welfare  |z United States. 
710 2 |a Library of Congress.  |b Congressional Research Service. 
830 0 |a Issue brief (Library of Congress. Congressional Research Service) ;  |v IB93034. 
830 0 |a Major studies and issue briefs of the Congressional Research Service.  |p Supplement ;  |v 1994, reel 14, fr. 00111. 
999 |a MARS 
999 f f |s 5771fe5a-e9e7-34b0-a14d-e204ffa9327f  |i 9f3a1384-3a90-3c25-b5e4-65b47189b0f9  |t 0 
952 f f |p default  |a Texas A&M University  |b College Station  |c Sterling C. Evans Library  |d Evans: Microforms (3rd floor)  |t 0  |e film S 1707 1994, reel 14, fr. 00111.  |h Other scheme  |i microform -- microfilm reel 
998 f f |a film S 1707 1994, reel 14, fr. 00111.  |t 0  |l Evans: Microforms (3rd floor)